La verdadera guerra (Registro nro. 15935)
[ vista simple ]
| 000 -CABECERA | |
|---|---|
| Longitud fija campo de control | 00801nam a22002411i 4500 |
| 001 - NÚMERO DE CONTROL | |
| Número de control | bimo0001241110 |
| 003 - IDENTIFICADOR DELl NÚMERO DE CONTROL | |
| Identificador del número de control | OSt |
| 005 - FECHA Y HORA DE LA ÚLTIMA TRANSACCIÓN | |
| Fecha y hora de la última transacción | 20141202163605.0 |
| 008 - CÓDIGOS DE INFORMACIÓN DE LONGITUD FIJA | |
| Códigos de información de longitud fija | 940725s1980 sp spa |
| 020 ## - NÚMERO INTERNACIONAL NORMALIZADO PARA LIBROS | |
| Número Internacional Normalizado para Libros (ISBN) | 84-320-3555-6 |
| 040 ## - FUENTE DE LA CATALOGACIÓN | |
| Centro transcriptor | BMC |
| 082 ## - NÚMERO DE LA CLASIFICACIÓN DECIMAL DEWEY | |
| Númeroo de clasificación | 973.924 |
| 100 1# - PUNTO DE ACCESO PRINCIPAL-NOMBRE DE PERSONA | |
| Nombre de persona | Nixon, Richard M. |
| Forma desarrollada del nombre | Richard Milhous |
| Fechas asociadas al nombre | 1913-1994 |
| 9 (RLIN) | 3355 |
| 245 13 - MENCIÓN DE TÍTULO | |
| Título | La verdadera guerra |
| Resto del título | : la tercera guerra mundial ha comenzado |
| Mención de responsabilidad, etc. | [por] Richard M. Nixon ; [traducción del inglés por Carlos-Andrés Alba] |
| 260 ## - PUBLICACIÓN, DISTRIBUCIÓN, ETC. (PIE DE IMPRENTA) | |
| Lugar de publicación, distribución, etc. | Barcelona |
| Nombre del editor, distribuidor, etc. | Planeta |
| Fecha de publicación, distribución, etc. | 1980 |
| 300 ## - DESCRIPCIÓN FÍSICA | |
| Extensión | 350 p., 1 h. |
| Dimensiones | 20 cm |
| 490 0# - MENCIÓN DE SERIE | |
| Mención de serie | Documento |
| Designación de volumen o secuencia | 15 |
| 546 ## - NOTA DE LENGUA | |
| Nota de lengua | Traducción de: The real war |
| 600 1# - PUNTO DE ACCESO ADICIONAL DE MATERIA - NOMBRE DE PERSONA | |
| 9 (RLIN) | 28561 |
| Nombre de persona | Nixon, Richard M. |
| Fechas asociadas al nombre | 1913-1994 |
| 650 #7 - PUNTO DE ACCESO ADICIONAL DE MATERIA - TÉRMINO DE MATERIA | |
| Término de materia o nombre geográfico como elemento inicial | Política mundial |
| Subdivisión cronológica | 1965-1975 |
| Fuente del encabezamiento o término | embne |
| 700 1# - PUNTO DE ACCESO ADICIONAL - NOMBRE DE PERSONA | |
| Nombre de persona | Alba, Carlos-Andrés |
| 9 (RLIN) | 28411 |
| 942 ## - ENTRADA DE ELEMENTOS AGREGADOS (KOHA) | |
| Fuente de clasificaión o esquema | Dewey Decimal Classification |
| Koha [por defecto] tipo de item | 1- Monografias |
| Suprimido | Perdido | Fuente de clasificación o esquema | Estropeado | Restricciones de uso | No para préstamo | Código de colección | Localización permanente | Localización actual | Localización en estanter&íacute;as | Fecha adquisición | Fuente de adquisición | Número de inventario | Préstamos totales | Signatura completa | Código de barras | Fecha última consulta | Fecha del precio de reemplazo | Tipo de item de Koha |
|---|---|---|---|---|---|---|---|---|---|---|---|---|---|---|---|---|---|---|
| NULL | NULL | Dewey Decimal Classification | NULL | Prestable | NULL | NULL | Biblioteca Miguel de Cervantes - UNICAES | Biblioteca Miguel de Cervantes - UNICAES | Sala Principal | 21/11/2014 | Donación - Mayorga Rivas | 024975 | 973.924 NIX ver | 1025385 | 21/11/2014 | 21/11/2014 | 1- Monografias |